Meditations et Prières (Registro nro. 86293)

Detalles MARC
000 -ENCABEZADO
Número de control [NR] 00637nam a22001697a 4500
008 - DE LONGITUD FIJA DE DATOS DE ELEMENTOS - INFORMACIÓN GENERAL
Elementos de longitud fija [NR] 130821s1909 fr gr fre
040 ## - FUENTE DE CATALOGACION [NR]
Agencia de catalogación original [NR] Co-BoUCM
Idioma de catalogación [NR] spa
041 00 - CODIGO DE IDIOMA [R]
Código de idioma para texto/pista de sonido o título separado [R] Francés
100 1# - ASIENTO PRINCIPAL--NOMBRE PERSONAL [NR]
Nombre personal [NR] Newman, John Henry
Títulos u otras palabras asociadas al nombre [R] Cardenal
Fechas asociadas con el nombre [NR] 1801-1890
ID Autoridad 83685
245 00 - MENCION DE TITULO [NR]
Título [NR] Meditations et Prières
Mención de responsabilidad, etc. [NR] Cardenal John Henry Newman ; traduit de L'anglais par Marie Agnes Perate
260 ## - PUBLICACION, DISTRIBUCION, ETC. (PIE DE IMPRENTA) [R]
Lugar de publicación, distribución, etc. [R] París (Francia)
Nombre del editor, distribuidor, etc. [R] Librairie Víctor Lecoffre
Fecha de publicación, distribución, etc. [R] 1909
300 ## - DESCRIPCION FISICA [R]
Extensión [R] 343 páginas
500 ## - NOTA GENERAL [R]
Nota general [NR] Notas a pie de página.-- Incluye índice
650 04 - ASIENTO SECUNDARIO DE MATERIA - TERMINO TEMATICO [R]
Término temático o nombre geográfico como elemento de entrada [NR] Meditaciones
9 (RLIN) 19257
942 ## - ELEMENTOS DE ENTRADA AGREGADOS (KOHA)
Tipo de ítem principal el descrito en 300a Libro
Tema principal Religión
Edición 1
Parte restante de la signatura top. N39C
Título oculto en OPAC No
Sistema de clasificación DEWEY
Clasificación 291.43
Existencias
Signatura topográfica Código de barras Última vez visto Volúmen / Fascículo Ejemplar Price effective from Tipo de ítem Perdido Sistema de clasificación Dañado No prestable Tipo de ítem específico Suprimido Ubicación habitual Ubicación actual Localización Fecha de creación Forma de adquisición Costo
FCS 291.43 N39C 120001858 10/07/2012 1909 Ej.1 03/02/2013 Libro   DEWEY     Fondos especiales     Archivo Histórico Archivo histórico 28/02/2003 Donación 1000.00